书目信息 |
| 题名: |
神经网络设计(原书第2版)
|
|
| 作者: | 马丁·T.哈根(MartinT.Hagan) 著 | |
| 分册: | ||
| 出版信息: | 北京 机械工业出版社 2017.11 |
|
| 页数: | 426页 | |
| 开本: | 19cm | |
| 丛书名: | 计算机科学丛书 | |
| 单 册: | ||
| 中图分类: | TP183 | |
| 科图分类: | ||
| 主题词: | 人工神经网络--设计 | |
| 电子资源: | ||
| ISBN: | 978-7-111-58674-6 | |
| 000 | 01165oam2 2200241 450 | |
| 001 | 1350 | |
| 005 | 20180928085333.06 | |
| 010 | @a978-7-111-58674-6@dCNY99.00 | |
| 100 | @a20171218d2017 em y0chiy0110 ea | |
| 101 | 0 | @achi |
| 102 | @aCN@b110000 | |
| 105 | @ay z 000yy | |
| 200 | 1 | @a神经网络设计(原书第2版)@Ashen jing wang luo she ji(yuan shu di 2 ban)@9shen jing wang luo she ji@f(美)马丁·T.哈根(MartinT.Hagan)等著 |
| 210 | @a北京@c机械工业出版社@d2017.11 | |
| 215 | @a426页@d19cm | |
| 225 | 2 | @a计算机科学丛书 |
| 330 | @a本书是一本易学易懂的神经网络教材,主要讨论网络结构、学习规则、训练技巧和工程应用,紧紧围绕“设计”这一视角组织材料和展开讲解,强调基本原理和训练方法,概念清晰,数学论述严谨,包含丰富的实例和练习,并配有课件和MATLAB演示程序。本书要求读者具备线性代数、概率论和微分方程的基础知识,可作为高年级本科生或一年级研究生的神经网络导论课程教材,也可供有兴趣的读者自学或参考。 | |
| 461 | 0 | @12001 @a计算机科学丛书 |
| 606 | 0 | @a人工神经网络@x设计 |
| 690 | @aTP183@v5 | |
| 701 | 0 | @c(美)@a马丁·T.哈根(MartinT.Hagan)@9ma ding · T . ha gen ( M a r t i n T . H a g a n ) deng@4著 |
| 801 | 0 | @aCN@b91CIP@c20171218 |
| 905 | @aMuseLib@dTP183@e151 | |
| 神经网络设计(原书第2版)/(美)马丁·T.哈根(MartinT.Hagan)等著.-北京:机械工业出版社,2017.11 |
| 426页;19cm.-(计算机科学丛书) |
| ISBN 978-7-111-58674-6:CNY99.00 |
| 本书是一本易学易懂的神经网络教材,主要讨论网络结构、学习规则、训练技巧和工程应用,紧紧围绕“设计”这一视角组织材料和展开讲解,强调基本原理和训练方法,概念清晰,数学论述严谨,包含丰富的实例和练习,并配有课件和MATLAB演示程序。本书要求读者具备线性代数、概率论和微分方程的基础知识,可作为高年级本科生或一年级研究生的神经网络导论课程教材,也可供有兴趣的读者自学或参考。 |
| ● |
| 相关链接 |
|
|
|
|
正题名:神经网络设计(原书第2版)
索取号:TP183/151
 
预约/预借
| 序号 | 登录号 | 条形码 | 馆藏地/架位号 | 状态 | 备注 |
| 1 | 1122247 | 211222470 | 第二样本阅览室/ [索取号:TP183/151] | 在馆 | |
| 2 | 1122248 | 211222489 | 第三借阅区/ [索取号:TP183/151] | 在馆 | |
| 3 | 1122249 | 211222498 | 第三借阅区/ [索取号:TP183/151] | 在馆 | |
| 4 | 1122250 | 211222504 | 第三借阅区/ [索取号:TP183/151] | 在馆 | |
| 5 | 1122251 | 211222513 | 第三借阅区/ [索取号:TP183/151] | 在馆 |